00366cam a22001097a 4500008004000000082001700040100001700057245010200074260003000176300001000206650004000216180718b1981 xxu||||| |||| 00| 0 eng d aV5x5453 P644 aPillai, P.P. aDynamics of electricity supply and demand in Kerala: a macro econometric analysiscby P.P. Pillai aNew DelhibAgricolec1981 a102p. aElectric utilities - India - Kerala